El Matavacas /

Kaydedildi:
Detaylı Bibliyografya
Yazar: Cerda Vidal, Gabriel (autor)
Materyal Türü: Kitap
Dil:İspanyolca
Baskı/Yayın Bilgisi: Guadalajara, México : Mala Estrella, 1997, c1997
Seri Bilgileri:(La Rueda y el Alfabeto)
Konular:
Etiketler: Etiketle
Etiket eklenmemiş, İlk siz ekleyin!

MARC

LEADER 00000nam^a2200000^a^4500
001 000054602
005 20250521000000.0
009 20260310090517.662
037 |a Acervo ITESO - Biblioteca 
041 |a ESP 
082 |a 863.  |b CER 
100 |a Cerda Vidal, Gabriel  |e (autor) 
245 1 3 |a El Matavacas /  |c G. Cerda Vidal. 
264 4 |a Guadalajara, México :  |b Mala Estrella,  |c 1997, c1997 
300 |a 1 folleto (35 p.) 
336 |a texto  |b txt  |2 rdacontenido 
337 |a sin mediación  |b n  |2 rdamedio 
338 |a volumen  |b nc  |2 rdasoporte 
440 3 |a (La Rueda y el Alfabeto) 
649 |a XX 
650 |a Cuentos Jaliscienses 
650 |a Cuentos Mexicanos 
650 |a Literatura Jalisciense -  |y Siglo XX 
650 |a Literatura Mexicana -  |y Siglo XX 
910 |a Fondo General 
920 |a Impresos - Libros 
930 |a Colección General 
940 |a Literatura 
905 |a 101 
901 |a 0500013202  |b IT2  |c FOL  |u 20250521 
902 |a https://opac.biblio.iteso.mx/vufind/Record/000054602